Najčastejšie priestupky zistené pri daňovej kontrole v roku 2015

Boj proti daňovým únikom a zavedenie kontrolného výkazu. Kontrolné skupiny zložené z pracovníkov miestneho daňového úradu, policajného zboru a finančného riaditeľstva. Príklad obchádzania kontrolného výkazu DPH zverejnený Finančnou správou.

Guardado en:
Detalles Bibliográficos
Autor principal: Válek, Juraj, 1981-
Formato: Capítulo de libro
Lenguaje:eslovaco
Materias:
Etiquetas: Agregar Etiqueta
Sin Etiquetas, Sea el primero en etiquetar este registro!

MARC

LEADER 00000naa a2200000 4500
001 0211789
005 20240502073531.9
041 0 |a slo 
044 |a SK 
245 1 0 |a Najčastejšie priestupky zistené pri daňovej kontrole v roku 2015  |c Juraj Válek 
520 |a Boj proti daňovým únikom a zavedenie kontrolného výkazu. Kontrolné skupiny zložené z pracovníkov miestneho daňového úradu, policajného zboru a finančného riaditeľstva. Príklad obchádzania kontrolného výkazu DPH zverejnený Finančnou správou. 
610 2 0 |a dane z príjmov 
610 2 0 |a dane z hodnoty pridanej 
610 2 0 |a kontrola 
610 2 0 |a únik daňový 
610 2 0 |a správa finančná 
100 1 |a Válek, Juraj, 1981-